| 000 | 00482pab a2200169 454500 | ||
|---|---|---|---|
| 008 | 180718b2006 xxu||||| |||| 00| 0 eng d | ||
| 100 | _aDe, Rahul | ||
| 245 | _aThe impact of Indian e-government initiatives: issues of poverty and vulnerability reduction | ||
| 260 | _c2006 | ||
| 300 | _ap.88-100. | ||
| 362 | _aAutumn | ||
| 650 | _aElectronic governance - India | ||
| 650 | _aElectronic governance | ||
| 773 | _aRegional Development Dialogue | ||
| 908 | _aN | ||
| 909 | _a75596 | ||
| 999 |
_c75596 _d75596 |
||